MARC details
| 000 -CABECERA |
| campo de control de longitud fija |
01925nam a22002777a 4500 |
| 003 - IDENTIFICADOR DEL NÚMERO DE CONTROL |
| campo de control |
DO-SdBNP |
| 005 - FECHA Y HORA DE LA ÚLTIMA TRANSACCIÓN |
| campo de control |
20220531084017.0 |
| 008 - DATOS DE LONGITUD FIJA--INFORMACIÓN GENERAL |
| campo de control de longitud fija |
210518b ||||| |||| 00| 0 eng d |
| 020 #4 - NÚMERO INTERNACIONAL ESTÁNDAR DEL LIBRO |
| Número Internacional Estándar del Libro |
978-9945-8539-9-5 |
| 040 #4 - FUENTE DE LA CATALOGACIÓN |
| Centro catalogador/agencia de origen |
DO-SdBNP |
| Lengua de catalogación |
spa |
| Centro/agencia transcriptor |
BNPHU |
| 082 #4 - NÚMERO DE LA CLASIFICACIÓN DECIMAL DEWEY |
| Número de clasificación |
352.77 |
| Número de documento/Ítem |
R426m, 2012-2013 |
| Número de edición |
22 |
| 110 1# - ENTRADA PRINCIPAL--NOMBRE DE ENTIDAD CORPORATIVA |
| Nombre de entidad corporativa o nombre de jurisdicción como elemento de entrada |
República Dominicana . |
| Unidad subordinada |
Ministerio de Obras Públicas y Comunicaciones |
| 9 (RLIN) |
74825 |
| 245 1# - MENCIÓN DE TÍTULO |
| Título |
Memorias del primer año del cuatrienio 2012-2016. |
| 260 ## - PUBLICACIÓN, DISTRIBUCIÓN, ETC. |
| Lugar de publicación, distribución, etc. |
Santo Domingo : |
| Nombre del editor, distribuidor, etc. |
MOPC, |
| Fecha de publicación, distribución, etc. |
2013. |
| 300 ## - DESCRIPCIÓN FÍSICA |
| Extensión |
221 p. : |
| Otras características físicas |
il., fots. ; |
| Dimensiones |
30 cm |
| 505 ## - NOTA DE CONTENIDO CON FORMATO |
| Nota de contenido con formato |
Mensaje del Ministro Gonzalo Castillo -- |
| 505 ## - NOTA DE CONTENIDO CON FORMATO |
| Nota de contenido con formato |
Gestión 2012-2013 |
| Título |
Inversiones en obras públicas para un estado social y democrático / |
| Mención de responsabilidad |
Carlos Santos Durán |
| 505 ## - NOTA DE CONTENIDO CON FORMATO |
| Nota de contenido con formato |
Sobre el perfil de una acción ministerial de impacto y transparencia ante los ojos de la nación -- |
| Mención de responsabilidad |
Por Abil Peralta Agüero |
| 505 ## - NOTA DE CONTENIDO CON FORMATO |
| Nota de contenido con formato |
Galería de carreteras construidas, pavimentadas y señalizadas -- |
| Título |
Galería circuito vial del Este -- <br/> |
| -- |
Galería de calles construidas, pavimentadas y señalizadas en municipios y provincias -- |
| -- |
Galería de puentes construidos y reconstruidos -- |
| -- |
Galería de edificaciones -- |
| -- |
Programa de señalizaciónes viales -- |
| -- |
Programa de protección y asistencia vial -- |
| -- |
Programa de mantenimiento vial -- |
| -- |
Acuerdo con los ayuntamientos en las 32 provincias del país -- |
| -- |
Respuestas a daños ocacionados por fenómenos atmosféricos -- |
| -- |
Cooperación interinstitucional -- |
| -- |
Construcción de paseo marítimo 30 de mayo. |
| 590 ## - NOTA LOCAL (RLIN) |
| Nota local |
Inventariado, 2021 / SA |
| 610 14 - PUNTO DE ACCESO ADICIONAL DE MATERIA--NOMBRE DE ENTIDAD CORPORATIVA |
| Nombre de entidad corporativa o nombre de jurisdicción como elemento de entrada |
República Dominicana |
| Unidad subordinada |
Ministerio de Obras Públicas |
| Subdivisión de forma |
Memorias |
| Subdivisión cronológica |
2012-2013 |
| 9 (RLIN) |
78758 |
| 700 ## - PUNTO DE ACCESO ADICIONAL--NOMBRE DE PERSONA |
| Nombre de persona |
Abril Peralta Agüero |
| Término indicativo de función/relación |
Coordinador editorial |
| 9 (RLIN) |
78623 |
| 700 ## - PUNTO DE ACCESO ADICIONAL--NOMBRE DE PERSONA |
| Nombre de persona |
Alexander Ramírez Paulino, Alina Miéses, Alfredo Olaverría [et. al ] |
| Término indicativo de función/relación |
Fotografías de obras del MOPC |
| 9 (RLIN) |
78626 |
| 910 ## - DATOS DE OPCIÓN DEL USUARIO (OCLC) |
| Datos de opción del usuario |
Saquino/Validado. Control de calidad MFF |
| 942 ## - ELEMENTOS DE PUNTO DE ACCESO ADICIONAL (KOHA) |
| Fuente del sistema de clasificación o colocación |
Dewey Decimal Classification |
| Tipo de ítem Koha |
Libro |